00418 2200169 4500245004900000020002200049250001100071100003200082700001500114650001700129005001900146260003000165041001400195084000800209300002200217336000900239 aNightmarecIndira Hatmanti PuspitasarihText a978-602-242-211-2 aCet. 4 aIndira Hatmanti Puspitasari aHuda Wahid aNovel Remaja a20230531144521 aBandungbDAR! Mizanc2014 aIndonesia a813 a180 hlm. :cilus. atext